| 000 | 01141nam a22001937a 4500 | ||
|---|---|---|---|
| 005 | 20250807161535.0 | ||
| 008 | 250807b |||||||| |||| 00| 0 eng d | ||
| 020 |
_a9780820412146 _qhbk |
||
| 041 | _aeng | ||
| 082 |
_a700 _bFRY |
||
| 245 |
_aReading The World : Selected Writings, 1935-1976 _c/ edited by Northrop Frye and Robert D. Denham |
||
| 260 |
_aNew York _bP. Lang _c1990 |
||
| 300 |
_axvi, 416 p. _c; 24 cm |
||
| 504 | _aindex | ||
| 520 | _aReading the World is a collection of eighty of Northrop Frye's essays, reviews, editorials, sermons, addresses, and other occasional pieces. Half of the selections were originally published in the Canadian Forum; twelve are published here for the first time. The book reveals one of the most extraordinary minds of our time engaging a wide range of political, social, artistic, religious, educational, literary, and critical questions. What emerges from the whole is a deeply moral vision rooted in the values of social democracy and an expansive imaginative vision committed to understanding the products of culture. | ||
| 650 | _aArts | ||
| 700 | _aDenham, Robert D. | ||
| 942 | _cREF | ||
| 999 |
_c579247 _d579247 |
||